Indefinite Definitions III Quiz Stats

 Plays Quiz Updated Aug 24, 2014

Support Sporcle.
Go Orange.
Score 0/35 Timer 07:00
1 Play Today
% Correct
City area surrounded by four streets
97.1%
Group of musicians
90.9%
Metal box used for storing valuables
90.5%
Obstruction of an opponent's play in sports
90.5%
Kiss lightly and quickly
90.4%
Place that provides ships protection from storms
90.2%
Left-hand side of a ship
89.6%
Heavily armored combat vehicle that moves on tracks
89.3%
Large area of public land kept in its natural state
88.9%
Maneuver a vehicle into a space for it to be left
88.7%
Secure from threat of danger, harm, or loss
88.4%
Strike sharply with the beak
87.9%
Connection point for a computer's peripheral device
87.4%
In baseball, reaching base without being put out
86.3%
Container for the storage of liquids or gases
86.3%
Thin strip of material that encircles and binds objects
86.1%
Enclosed arena used especially for ball games
86%
Eat reluctantly and in small bites
85.5%
% Correct
Rich sweet fortified wine
84.9%
Position in an automatic transmission that sets the brake
84.4%
Unlikely to produce controversy
82%
Wood upon which persons are beheaded
81.8%
Simple ungrooved ring
81.1%
Range of frequencies or wavelengths
80.6%
Suffer rapid decline, failure, or collapse
78.6%
Sleeveless upper garment
77.7%
Unit of capacity equal to 1/4 bushel
74.9%
Prison cell used for receiving prisoners
71%
Fail to remember due to repression
70.5%
Platform from which property is sold at auction
69.4%
Engage in kissing and caressing in a secluded vehicle
69.4%
Criticize repeatedly; carp
68.8%
Reasonably accurate
67.5%
Medical device allowing needle insertion
63.7%
Segment of a phonograph record
62.4%

You're not logged in!

Compare scores with friends on all Sporcle quizzes.
OR
Log In

From the Vault

Meryl Streep or Glenn Close

by BetterThanKate

It's a close call on some of these.
Remove Ads.
Support Sporcle.
Get the best of Sporcle when you Go Orange. This ad-free experience offers more features, more stats, and more fun while also helping to support Sporcle. Thank you for becoming a member.

Show Comments

Extras

Top Quizzes Today


Score Distribution

Your Account Isn't Verified!

In order to create a playlist on Sporcle, you need to verify the email address you used during registration. Go to your Sporcle Settings to finish the process.

Report this User

Report this user for behavior that violates our Community Guidelines.

Details: